Smolnik továreň na tabák
Zobrazenie: Pohľad na rad budov vľavo, pred ktorými je rad stromov. V popredí je kopček so stĺpom a vpravo je budka so strieškou, pod ktorou stojí žena a za búdkou sú stromy
| Format: | Postcard |
|---|---|
| Language: | Slovak German |
| PhysicalDescription: | 1 pohľadnica tónovaná do modra 9 x 14 cm |
| Published: |
Praha - Žižkov
G. Jilovský
1925
|
| Subjects: |
MARC
| LEADER | 00000nkm a2200000 a 4500 | ||
|---|---|---|---|
| 001 | vtls011783058 | ||
| 003 | SK-MaSNL | ||
| 005 | 20260512124731.0 | ||
| 007 | kp ao | ||
| 008 | 240703s1925 xr g kuslo | ||
| 015 | |a SNBG1925 | ||
| 035 | |a urn:nbn:sk:snk-km00dpu2 | ||
| 035 | |a urn:nbn:sk:snk-km3lxgm | ||
| 035 | |a 3C169C16-BC01-4D06-9084-53FF67F370CD | ||
| 040 | |a SNK |b slo |c SNK |e AACR2 | ||
| 041 | 0 | |a slo |a ger | |
| 043 | |a e-xo--- | ||
| 044 | |a xr |c CZ | ||
| 072 | 7 | |a 913 |x Regionálna geografia |2 konspekt | |
| 080 | |a 913(437.6) |2 2011 | ||
| 080 | |a (084.121) |2 2011 | ||
| 080 | |a 663.971/.973 |2 2011 | ||
| 080 | |a 334.716 |2 2011 | ||
| 245 | 0 | 0 | |a Smolnik |h grafika |b továreň na tabák |
| 246 | 3 | 1 | |a Schmöllnitz |b Tabakfabrik |
| 246 | 3 | 3 | |a Smolník |b továreň na tabák |
| 260 | |a Praha - Žižkov |b G. Jilovský |c 1925 | ||
| 300 | |a 1 pohľadnica |b tónovaná do modra |c 9 x 14 cm | ||
| 500 | |a Názvové údaje prevzaté z obrazovej časti pohľadnice | ||
| 520 | 8 | |a Zobrazenie: Pohľad na rad budov vľavo, pred ktorými je rad stromov. V popredí je kopček so stĺpom a vpravo je budka so strieškou, pod ktorou stojí žena a za búdkou sú stromy | |
| 546 | |a Súbežný názov a podnázov v nemčine | ||
| 650 | 0 | 7 | |a priemyselné podniky |2 SNKPH |9 2346 |
| 650 | 0 | 7 | |a tabak |2 SNKPH |9 4249 |
| 651 | 7 | |a Smolník (Gelnica, Slovensko) |2 SNKPHgeo |9 51207 | |
| 655 | 7 | |a miestne pohľadnice |2 SNKPH |9 70510 | |
| 852 | |a Slovenská národná knižnica | ||
| 958 | |a EUIPO | ||
| 958 | |a GBN | ||
| 958 | |a GC | ||
| 958 | |a OND | ||
| 999 | |c 943608 |d 945538 | ||
| 952 | |a SNK |b SNK |y PREZ |7 0 |p 17A1232236 |o snkSP 22555 |z Pohľadnica prešla poštou. |0 0 |1 0 |4 0 |d 2018-10-05 |f 1 |l 0 |r 2026-02-24 09:26:00 |w 2026-02-24 | ||


